| 000 | 00425nam a22001577a 4500 | ||
|---|---|---|---|
| 003 | macl | ||
| 005 | 20200829115454.0 | ||
| 008 | 200829b xxu||||| |||| 00| 0 eng d | ||
| 040 | _cmacl | ||
| 082 | _a400 | ||
| 100 |
_aGuider _979384 |
||
| 245 | _a50 प्रैक्टिस सेट्स हिन्दी | ||
| 260 |
_aमेरठ _bGuider |
||
| 650 |
_aव्याकरण _979403 |
||
| 942 |
_2ddc _cHIN |
||
| 999 |
_c62999 _d62999 |
||